Trudne nazwy kolorów - Statystyki

Ogólne statystyki
  • Ten quiz został rozwiązany 523 razy
  • Średni wynik to 5 z 34
Statystyki odpowiedzi
Nazwa % Poprawnych
Beżowy
54%
Fuksja
43%
Morski
40%
Limonkowy
37%
Miętowy
37%
Seledynowy
30%
Łososiowy
28%
Burgund
26%
Cyjan
23%
Écru
22%
Lawendowy
22%
Indygo
18%
Karmazynowy
17%
Khaki
15%
Rubinowy
15%
Pistacjowy
14%
Amarantowy
13%
Lazurowy
12%
Akwamaryna
10%
Kość słoniowa
9%
Szafirowy
9%
Wrzosowy
9%
Brzoskwiniowy
8%
Ametystowy
6%
Bananowy
6%
Bursztynowy
3%
Jagodowy
3%
Kasztanowy
3%
Orzechowy
3%
Perłowy
3%
Herbaciany
2%
Słomkowy
2%
Poziomkowy
1%
Patynowy
0%
Nie znaleziono quizów pasujących do podanych kryteriów
Rozkład punktacji
Procent ludzi z każdym wynikiem
Percentyl według liczby udzielonych odpowiedzi
Twoja historia wyników
Nie rozwiązałeś tego quizu